000 00636nam a2200169 i 4500
001 123726
003 ES-MaACL
005 20230906192228.0
007 t|
008 070214s1928 sp r ||||1| spa d
100 1 _aQuintero Báez, Juan.
_9165932
245 1 0 _aRefutando documentalmente la `crítica` que sobre la gestión municipal del Ayuntamiento de Huelva durante la actuación del alcalde Don Juan Quintero Báez pública de Don Ignacio de Cepeda /
_cJuan Quintero Baéz.
260 _aHuelva :
_bRafael Mojarro,
_c1928.
300 _a25 p. ;
_c21 cm.
700 1 _aCepeda, Ignacio de.
_9165933
852 _aES-MaACL
_j1714-F-10
999 _c123726
_d123726